000 02478cam a2200433 i 4500
999 _c66143
_d66143
001 768714001
003 CO-MdFUSB
005 20200616190240.0
007 ta
008 080710t20092006nyu 000 f eng
010 _a2008030788
020 _a9780061353451 (hardcover)
020 _a9780061724473 (international ed.)
020 _a0061724475 (international ed.)
020 _a0061353450
040 _aDLC
_cCO-MdFUSB
_dYDX
_dCO-MdFUSB
_dBTCTA
_dBAKER
_dYDXCP
_dWAU
_dNMP
_dCDX
_dBWX
_dQ2Z
_dIAY
_dCAP
_dUtOrBLW
_bspa
_erda
041 1 _aeng
_hfre
043 _ae-gx---
082 _223
_a843.92
_bL777
100 1 _aLittell, Jonathan,
_d1967-
_eautor
240 1 0 _aBienveillantes.
245 1 4 _aThe kindly ones :
_ba novel
_c/ Jonathan Littell ; traducido por Charlotte Mandell.
250 _aFirst edition.
264 1 _aNew York :
_bHarper,
_c[2006]
264 4 _c© 2006
300 _a983 páginas ;
_c24 cm.
336 _atexto
_btxt
_2rdacontent.
337 _asin mediación
_bn
_2rdamedia.
338 _avolumen
_bnc
_2rdacarrier.
500 _aPublicado originalmente como: Les beinveillantes. París: Ediciones Gallimard, 2006.
520 _aMemorias ficticias del Dr. Max Aue, un ex oficial nazi que sobrevivió a la guerra y se ha reinventado, muchos años después, como empresario de clase media y hombre de familia en el norte de Francia. Max es un intelectual inmerso en filosofía, literatura y música clásica. También es un asesino a sangre fría y el burócrata consumado. A través de los ojos de este hombre culto pero monstruoso, experimentamos los horrores de la Segunda Guerra Mundial y el genocidio nazi de los judíos en detalles gráficos, inquietantemente precisos desde el punto de vista oscuro e inquietante del verdugo en lugar de la víctima. Durante el período comprendido entre junio de 1941 y abril de 1945, Max es enviado a Polonia, Ucrania y el Cáucaso; él está presente en la batalla de Stalingrado, en Auschwitz y Cracovia; Visita París ocupada y vive el caos de los últimos días del régimen nazi en Berlín. Aunque Max es un personaje totalmente imaginado, su mundo está poblado por figuras históricas reales, como Eichmann, Himmler, Göring, Speer, Heydrich, Hoss y el propio Hitler.
563 _aRústico
653 _aPartido socialista obrero
700 1 _aMandell, Charlotte.
_etraductor
942 _cBK
945 _aJTF-925